Economic challenges for the contemporary world : (Record no. 102935)

MARC details
000 -LEADER
fixed length control field 00652nam a22001817a 4500
005 - DATE AND TIME OF LATEST TRANSACTION
control field 20160902140650.0
010 ## - LCCN (DPL NO)
LC control number ENG-115878
020 ## - INTERNATIONAL STANDARD BOOK NUMBER
International Standard Book Number 9789351508786
Terms of availability 1195.00
035 ## - SYSTEM CONTROL NUMBER
System control number EN-99410
037 ## - SOURCE OF ACQUISITION
Source of stock number/acquisition DBAD/PUB
082 ## - DEWEY DECIMAL CLASSIFICATION NUMBER
Classification number 330
245 ## - TITLE STATEMENT
Title Economic challenges for the contemporary world :
Statement of responsibility, etc edited by Mausumi Das,Sabyasanchi Kar [and] Nandan Nawn
Remainder of title essays in honour of Prabhat Patnik /
260 ## - PUBLICATION, DISTRIBUTION, ETC. (IMPRINT)
Place of publication, distribution, etc New Delhi
Name of publisher, distributor, etc SAGE Publications
Date of publication, distribution, etc 2016
270 ## - ADDRESS
Address B1/1-1Mohan Cooperative Industrial Area,Mathura Road
City New Delhi
Postal code 110044
300 ## - PHYSICAL DESCRIPTION
Extent xvi,324p, :
Dimensions 24cm (Hb)
Other physical details ill
500 ## - GENERAL NOTE
General note Includes index
942 ## - ADDED ENTRY ELEMENTS (KOHA)
Source of classification or shelving scheme Dewey Decimal Classification
Item type English Books
Call number suffix ECO
Classification part 330
Holdings
Withdrawn status Lost status Not for loan Collection code Home library Current library Date acquired Source of acquisition Cost, normal purchase price Full call number Barcode Copy number Cost, replacement price Koha item type
    Not For Loan Non-fiction D.B.Act.Division Bawana 31/08/2016 DBAD/PUB 1195.00 330 ECO EN-99410 1 1195.00 English Books

© Delhi Public Library
Hit Counter
free hit counter